Antara falsafah Islam dan falsafah moden Barat suatu perbandingan antara al-Ghazali dan Descartes

Bibliographic Details
Main Author: زقزوق، محمود حمدى (Author)
Format: Book
Published: Kuala Lumpur Dewan Bahasa dan Pustaka 1993
Subjects:

MARC

LEADER 00000cam a2200000 7i4500
001 0000000006
008 021118s1993
020 |a 9836236597 
090 0 0 |a B741  |b .Z813 
100 0 |a زقزوق، محمود حمدى  |e author 
240 0 2 |a المنهج الفلسفى بين الغزالي ودسكرتس  |l [Bahasa Malaysia] 
245 1 0 |a Antara falsafah Islam dan falsafah moden Barat   |b suatu perbandingan antara al-Ghazali dan Descartes   |c Mahmud Hamdi Zaqzuq   |f penterjemah, Mohd. Sulaiman Hj. Yasin 
260 2 |a Kuala Lumpur  |b Dewan Bahasa dan Pustaka  |c 1993 
300 |a xvii, 144 p.   |c 22 cm 
600 0 0 |a Descartes, Rene,  |d 1596-1650 
600 0 0 |a Ghazzali  |d 1058-1111 
650 0 |a Islamic philosophy 
650 0 |a Philosophy, Modern 
999 |a 1000000302  |b Book  |c OPEN SHELF (30 DAYS)  |e Gong Badak Campus 
999 |a 1000000303  |b Book  |c OPEN SHELF (30 DAYS)  |e Gong Badak Campus 
999 |a 1000000304  |b Book  |c OPEN SHELF (30 DAYS)  |e Gong Badak Campus 
999 |a 1000000305  |b Book  |c OPEN SHELF (30 DAYS)  |e Gong Badak Campus